000 00849nam a2200289 a 4500
008
020 _a0867204281 (pbk.)
049 _aMAIN
090 _aRA445
_bNAT
245 1 0 _aThe nation's health /
_cedited by Philip R. Lee, Carroll L. Estes.
260 _aBoston :
_bJones and Bartlett Publishers,
_cc1990.
300 _a3rd ed.
300 _axv, 448 p. :
_bill. ;
_c23 cm.
504 _aIncludes bibliographical references.
500 _aIncludes index.
650 1 _aPublic health
_zUnited states.
650 _aHealth care reform.
650 _aMedical care.
650 _aMedical policy.
700 _aLee, Philip R.
700 _aEstes, Carroll L.
907 _a.b10310150
_b13-03-12
_c06-03-12
003
005 20230123125416.0
040 _cNUST
942 _cBOOKS
_kRA445
_mNAT
999 _c141012
_d141012